Born in Georgia Quiz Stats

 Plays Quiz Updated Mar 25, 2016

     
Support Sporcle.
Go Orange.
Score 0/20 Timer 04:00
2 Plays Today
% Correct
Hulk Hogan
91.4%
Julia Roberts
89.4%
Martin Luther King, Jr.
88.2%
Jimmy Carter
84.7%
Kanye West
83.7%
Ray Charles
83.1%
Ryan Seacrest
65.3%
Paula Deen
62.2%
Jackie Robinson
60.9%
Little Richard
58.5%
% Correct
Laurence Fishburne
54.4%
Dakota Fanning
49.9%
Jim Brown
37.8%
Michael Stipe
36.4%
Ty Pennington
33%
Gladys Knight
32.3%
Kelly Rowland
28.8%
Holly Hunter
28.7%
Chloƫ Grace Moretz
26.9%
Bill Hicks
9.6%

From the Vault

Famous British Men in Movies

by mucciniale

History 4m
We're pretty sure the singer with the mustache isn't Winston Churchill. But that's the only hint you're getting.
Remove Ads.
Support Sporcle.
Get the best of Sporcle when you Go Orange. This ad-free experience offers more features, more stats, and more fun while also helping to support Sporcle. Thank you for becoming a member.

Show Comments

Extras

Top Quizzes Today


Score Distribution

Your Account Isn't Verified!

In order to create a playlist on Sporcle, you need to verify the email address you used during registration. Go to your Sporcle Settings to finish the process.

Report this User

Report this user for behavior that violates our Community Guidelines.

Details: